| 000 | 00705nam a2200253Ia 4500 | ||
|---|---|---|---|
| 003 | OSt | ||
| 005 | 20220918163453.0 | ||
| 006 | a|||||r|||| 00| 0 | ||
| 007 | ta | ||
| 008 | 220917b |||||||| |||| 00| 0 eng d | ||
| 020 | _a0030504619 | ||
| 024 | _a251,703 | ||
| 037 | _cTextual | ||
| 040 |
_aARTS _cARTS _beng |
||
| 041 |
_2eng _aeng |
||
| 082 | _aY73:33.N9, L9 | ||
| 100 |
_aM. Blalock Hubert _913300 |
||
| 245 | 0 |
_aBlack-white relations in the 1980s _b Toward a long-term policy |
|
| 260 |
_aNew York _bPrager Publishers USA _c1979 |
||
| 300 |
_aviii,208p. _ccm. |
||
| 650 | _aSOCIOLOGY | ||
| 942 |
_hY73:33.N9, L9 _cTEXL _2CC |
||
| 999 |
_c119739 _d119739 |
||